| 000 | 00658nam a2200229Ia 4500 | ||
|---|---|---|---|
| 008 | 180523s9999 xx 000 0 und d | ||
| 020 | _a978-981-272-851-7 | ||
| 050 | _aMAIN G 155.A1 | ||
| 050 | _b.M53 2010 c.2 | ||
| 100 | _aMiddleton, Victor T. C. | ||
| 245 | 0 | _aMarketing in travel and tourism / | |
| 245 | 0 | _cVictor T.C. Middleton, Alan Fyall, Michael Morgan; with contributions from Ashok Ranchhod. | |
| 250 | _a4th Edition | ||
| 260 | _aSingapore : | ||
| 260 | _bElsevier, | ||
| 260 | _c2010 | ||
| 300 | _a502 pages : | ||
| 300 | _billustrations ; | ||
| 300 | _c23 cm. | ||
| 500 | _aIncludes index. | ||
| 650 | _aTourism -- Marketing. | ||
| 999 |
_c356642 _d356642 |
||